| 000 | 00555cam a2200193 a 4500 | ||
|---|---|---|---|
| 020 | _a0314029478 (hard : recycled, acidfree paper) | ||
| 040 | _cDLC | ||
| 082 | 0 | 0 | _a650 WES 1995 A105 Or. |
| 100 | 1 | _aAustin, Joe Dan. | |
| 245 | 0 | 0 | _aMathematics of money / |
| 250 | _a2nd ed. | ||
| 260 |
_aMinneapolis/St. Paul : _bWest Pub. Co., _cc1995. |
||
| 300 |
_a1 v. (various pagings) : _bill. (some col.) ; _c27 cm. |
||
| 500 | _aIncludes index. | ||
| 650 | 0 | _aBusiness mathematics. | |
| 700 | 1 | _aHoward, Arthur C. | |
| 700 | 1 | _aThomas, R. D. | |
| 942 | _cEK | ||
| 999 |
_c16137 _d16137 |
||